Стас Блинов (Запись № 1611558)

Подробности
000 -МАРКЕР
контрольное поле 01819nam0a2200349 4500
001 - ИДЕНТИФИКАТОР ЗАПИСИ
контрольное поле RU\NLR\bibl\582189
005 - ИДЕНТИФИКАТОР ВЕРСИИ
контрольное поле 20260408183832.0
010 ## - МЕЖДУНАРОДНЫЙ СТАНДАРТНЫЙ НОМЕР КНИГИ (ISBN)
Номер (ISBN) 3-930775-66-2
035 ## - ДРУГИЕ СИСТЕМНЫЕ НОМЕРА
Идентификатор записи (NLR Aleph) 000574185
100 ## - ДАННЫЕ ОБЩЕЙ ОБРАБОТКИ
Данные общей обработки 20041209d2004 |||y0rusy50 ca
101 0# - ЯЗЫК РЕСУРСА
Язык текста, звукозаписи и т.д. русский
-- английский
102 ## - СТРАНА ПУБЛИКАЦИИ ИЛИ ПРОИЗВОДСТВА
Страна публикации Российская Федерация
105 ## - ПОЛЕ КОДИРОВАННЫХ ДАННЫХ: ТЕКСТОВЫЕ МАТЕРИАЛЫ, МОНОГРАФИЧЕСКИЕ
Кодированные данные о монографическом текстовом документе a |||||||||
200 1# - ЗАГЛАВИЕ И СВЕДЕНИЯ ОБ ОТВЕТСТВЕННОСТИ
Основное заглавие Стас Блинов
Параллельное заглавие Stas Blinov
Сведения, относящиеся к заглавию Ил. к эпосу Шота Руставели "Витязь в тигровой шкуре"
-- [Альбом
Первые сведения об ответственности Авт. вступ. ст. Е.Ф. Кофтун]
Язык параллельного заглавия английский
210 ## - ПУБЛИКАЦИЯ, РАСПРОСТРАНЕНИЕ И ДР.
Место издания, распространения и т.д. СПб.
Имя издателя, распространителя и т. д. Б. и.
Дата издания, распространения и т.д. [2004]
215 ## - ФИЗИЧЕСКАЯ ХАРАКТЕРИСТИКА
Специфическое обозначение материала и объем 71, [1] с.
Другие сведения о физической характеристике цв. ил.
Размеры 28
300 ## - ОБЩИЕ ПРИМЕЧАНИЯ
Текст примечания Текст парал. на рус. и англ.яз.
510 1# - ПАРАЛЛЕЛЬНОЕ ЗАГЛАВИЕ
Связь между полями z17790
Параллельное заглавие Stas Blinov
Язык заглавия английский
604 ## - ИМЯ И ЗАГЛАВИЕ КАК ПРЕДМЕТ
Связываемые данные 700#1$aРуставели$bШ.$f12 в.$gШота$4070
-- 50010$aВитязь в тигровой шкуре$2psbo
Имя лица Руставели, Шота (12 в.)
Заглавие Витязь в тигровой шкуре
604 ## - ИМЯ И ЗАГЛАВИЕ КАК ПРЕДМЕТ
Связываемые данные 200#1$aБлинов$bС.$gСтас$f1946
-- 2351#$aКнижные иллюстрации
Имя лица Блинов, Стас (1946)
Заглавие Книжные иллюстрации
Формальный подзаголовок Альбомы
Идентификатор авторитетной/нормативной записи RU\NLR\AUTH\661411286
Системный номер авторитетной/нормативной записи 2363683
604 ## - ИМЯ И ЗАГЛАВИЕ КАК ПРЕДМЕТ
Связываемые данные 200#1$aРуставели$bШ.$gШота$f12 в.
-- 230##$a"Витязь в тигровой шкуре"$xИллюстраци
Имя лица Руставели, Шота (12 в.)
Заглавие "Витязь в тигровой шкуре"
Тематический подзаголовок Иллюстрации
Идентификатор авторитетной/нормативной записи RU\NLR\AUTH\661069366
Системный номер авторитетной/нормативной записи 1729684
686 ## - ИНДЕКСЫ ДРУГИХ КЛАССИФИКАЦИЙ
Индекс Щ153(2Р=Рус)7-8Блинов
686 ## - ИНДЕКСЫ ДРУГИХ КЛАССИФИКАЦИЙ
Индекс Ш5(2=Гр)4-4Руставелия6
700 #1 - ИМЯ ЛИЦА - ПЕРВИЧНАЯ ОТВЕТСТВЕННОСТЬ
Начальный элемент ввода Блинов
Часть имени, кроме начального элемента ввода С.
Даты 1946-
Расширение инициалов личного имени Стас
Код отношения Автор
790 #1 - ИМЯ ЛИЦА - АЛЬТЕРНАТИВНАЯ ФОРМА
Связь между полями z17510
Начальный элемент ввода Blinov
Часть имени, кроме начального элемента ввода S.
Даты 1946-
Расширение инициалов личного имени Stas
Код отношения Автор
801 #0 - ИСТОЧНИК ЗАПИСИ
Страна Российская Федерация
Организация NLR
Дата составления 20041209
Правила каталогизации PSBO
801 #1 - ИСТОЧНИК ЗАПИСИ
Страна Российская Федерация
Организация NLR
Дата составления 20041209
942 ## - ДОПОЛНИТЕЛЬНЫЕ ЭЛЕМЕНТЫ ЗАПИСИ (АБИС)
Тип экземпляра АБИС Книга
980 ## - КОЛЛЕКЦИЯ
Название коллекции Национальная библиография
Экземпляры
Тип экземпляра Дата поступления Источник поступления Библиотека постоянного хранения Библиотека текущего хранения Место хранения Шифр хранения Штрих-код Статус экземпляра
Книга 09.12.2004 Дар РНБ (Садовая) РНБ (Садовая) Фонд эстампов и фотографий (изоизданий) Э АлИс570/2-Р897 809406